000 01195nam a22002537a 4500
005 20081107125036.0
008 081107t xxu||||| |||| 00| 0 hin d
010 _aHIN-84770
020 _c375.00
_a8175700831
035 _aHN-57116
037 _bDBAD / PUB
040 _aDPL
_bHN
082 _a070.4
100 _aमेहरा, रमेश
245 _aसमाचार-पत्र लेखन और संपादन /
_cरमेश मेहरा
246 _aSamaachaara-patralekhana aur sampadana
_bby Ramesh Mehra
260 _aनई दिल्ली
_bसूर्य प्रकाशन
_c2008
270 _a2/9,अंसारी रोड, दरियागंज,
_bनई दिल्ली
_e110002
_k011-25477805
300 _a240 पृ
_c22सेमी (सजिल्द)
650 _aपत्रकारिता
_xसंपादन
_zभारत
650 _aJournalism
_xEditing
_zIndia
942 _2ddc
_cHN
_mमेहरा
_h070.4
999 _c18242
_d18242